000 00338nam a2200145Ia 4500
005 20250320161103.0
008 240331s9999 xx 000 0 und d
082 _bSAM
_a894
100 _aSambandan,K
245 0 _aDharmavathikal
260 _aDehiwala
_bRajanayagam, S
_c1997
300 _a87 p .,
650 _aShort Stories
942 _cL
999 _c4145
_d4145